Supreme Court Civil Appeal No.34 of 1995 G.M. Combined (U) Limited Vs A.K. Detergents (U) Limited (Record no. 2512)

MARC details
000 -LEADER
fixed length control field 00492nam a22001097a 4500
008 - FIXED-LENGTH DATA ELEMENTS--GENERAL INFORMATION
fixed length control field 110608t xxu||||| |||| 00| 0 eng d
010 ## - LIBRARY OF CONGRESS CONTROL NUMBER
LC control number SCCAF-13
245 ## - TITLE STATEMENT
Title Supreme Court Civil Appeal No.34 of 1995 G.M. Combined (U) Limited Vs A.K. Detergents (U) Limited
260 ## - PUBLICATION, DISTRIBUTION, ETC. (IMPRINT)
Place of publication, distribution, etc SUPREME COURT MENGO
Date of publication, distribution, etc 1996
500 ## - GENERAL NOTE
General note CORAM: Manyindo, D.C.J. Odoki, J,S.C. & Order, J.S.C.
500 ## - GENERAL NOTE
General note Appeal from the order of the High Court at Kampala Tsekooko,J dated 11.7.1994 in High Court Civil suit No. 348 of 1994
Holdings
Withdrawn status Lost status Source of classification or shelving scheme Damaged status Koha normalized classification for sorting Not for loan Location (home branch) Sublocation or collection (holding branch) Date acquired Koha issues (times borrowed) Koha full call number Piece designation (barcode) Koha date last seen Price effective from Koha item type Shelving location
    Dewey Decimal Classification   SCCAF_13   Law Development Centre Main Library Law Development Centre Main Library 06/08/2011   SCCAF:13 34/1995/1 06/08/2011 06/08/2011 Un Reported Cases  
    Dewey Decimal Classification   SCCAF_13   Law Development Centre Main Library Law Development Centre Main Library 06/08/2011   SCCAF:13 34/1995/2 06/08/2011 06/08/2011 Un Reported Cases Law Reports
    Dewey Decimal Classification   SCCAF_13   Law Development Centre Main Library Law Development Centre Main Library 06/08/2011   SCCAF:13 34/1995/3 06/08/2011 06/08/2011 Un Reported Cases Law Reports